Statistics for Islands of Chile larger than 1,000 km2 on a Map

Click here to take the quiz!

General Stats

  • This quiz has been taken 166 times
  • The average score is 4 of 15

Answers on the Map

Answers color-coded by a green-red scale on the quiz's map according to % correct below.
 

Answer Stats

AIsland% Correct
47,401Tierra del Fuego
94%
8,478Chiloé
72%
5,556Wellington
27%
2,473Navarino
25%
4,117Hoste
24%
5,110Riesco
24%
1,290Dawson
23%
3,688Santa Inés
18%
2,025Magdalena
17%
1,188Campana
14%
1,111Clarence
14%
1,043Madre de Dios
13%
1,164Aracena
11%
1,352Desolación
11%
1,063Serrano
7%

Score Distribution

Percentile by Number Answered

Percent of People with Each Score

Your Score History

You have not taken this quiz